000 00487nam a2200193Ia 4500
008 170918s9999 xx 000 0 und d
020 _a9789810896317
050 _bA681bo 2006
100 _aArena, Felice
245 _aMega rich /
245 _cby Felice Arena and Phil Kettle ; illustrated by Gus Gordon.
260 _aNew York :
260 _bScholastic,
260 _c2006
300 _a43 pages :
300 _billustrations ;
300 _c20cm.
300 _eBoyz rule!
999 _c344076
_d344076